Chanson française par image #7 - Statistiques

Statistiques générales
  • Ce quiz a été pris 3 338 fois
  • Le résultat moyen est 8 sur 16
Statistiques - réponses
Par images Hint Réponse % Correct
Diam's La Boulette
85%
Michel Sardou Rouge
84%
M & Vanessa Paradis La Seine
82%
Demis Roussos (reprise par Kids United) On écrit sur les murs
80%
Les Inconnus Isabelle a les yeux bleus
63%
Serge Gainsbourg Le Poinçonneur des Lilas
55%
Claude Nougaro Toulouse
54%
Michel Delpech Le Loir-et-Cher
49%
Chantal Goya Un lapin
46%
Renaud Dans mon H.L.M
42%
Charles Aznavour La Bohême
26%
Nicole Croisille Téléphone-moi
24%
Blues Trottoir Un soir de pluie
18%
Serge Lama Femme, femme, femme
17%
Louis Bertignac Ces idées-là
16%
Elsa Jour de neige
12%
Aucun quiz correspondant
Distribution des résultats
% des personnes avec chaque résultat
Percentile par nombre de réponses
Votre historique - résultats
Vous n’avez pas pris ce quiz